ULTRAŠTRUKTÚRA ENTEROCYTOV DUODÉNA CICAJÚCICH JAHNIAT

Bibliographic Details
Main Author: Belák, M. (Author)
Format: Article
Language:Slovak

MARC

LEADER 00000nab a2200000 a 4500
001 vtls011111868
003 SK-MaSNL
005 20260303125156.0
008 230218|1966 xo |||||||||||||||||slo|
015 |a SNBRB 
035 |a (uuid)da6464ca-e089-4399-9186-77f1956b857e 
035 |a (urnnbn)urn:nbn:sk:snk:ar-a08fs0 
035 |a urn:nbn:sk:snk-ab9idg 
040 |a SNKBUCL  |b slo  |c SNKBUCL  |e AACR2 
041 0 |a slo 
044 |a xo  |c SK 
100 1 |a Belák, M.  |4 aut  |9 923233 
245 1 0 |a ULTRAŠTRUKTÚRA ENTEROCYTOV DUODÉNA CICAJÚCICH JAHNIAT  |c M. Belák 
773 0 |t Folia veterinaria  |g Roč. 10, č. 2 (1966), s. 105-114 
954 |a odborná, vedecká literatúra pôvodná (slovenská)  |2 lita 
958 |a OND 
958 |a EUIPO 
958 |a article13 
999 |c 1933421  |d 1935351